|
|
|
|
| LEADER |
01968nam a2200529 a 4500 |
| 001 |
nkc20142639017 |
| 003 |
CZ PrNK |
| 005 |
20150812091756.0 |
| 007 |
ta |
| 008 |
141119s2014 xr e 000 0 cze |
| 015 |
|
|
|a cnb002639017
|
| 020 |
|
|
|a 978-80-01-05586-1
|q (brož.)
|
| 035 |
|
|
|a (OCoLC)904579218
|
| 040 |
|
|
|a BOA001
|b cze
|
| 072 |
|
7 |
|a 37.09
|x Organizace výuky a vzdělávání
|2 Konspekt
|9 22
|
| 080 |
|
|
|a [007+004]:004.032.6
|2 MRF
|
| 080 |
|
|
|a 004.42.032.6:371.3
|2 MRF
|
| 080 |
|
|
|a 378.011.3-052
|2 MRF
|
| 080 |
|
|
|a 378.14
|2 MRF
|
| 080 |
|
|
|a (048.8)
|2 MRF
|
| 080 |
|
|
|a (082)
|2 MRF
|
| 100 |
1 |
|
|a Sedláček, Miloš,
|d 1956-
|7 mzk2013769732
|4 aut
|
| 245 |
1 |
0 |
|a Multimediální vzdělávání posluchačů magisterských studijních programů /
|c Miloš Sedláček a kol.
|
| 250 |
|
|
|a Vyd. 1.
|
| 260 |
|
|
|a V Praze :
|b České vysoké učení technické,
|c [2014]
|
| 300 |
|
|
|a 96 s. ;
|c 22 cm
|
| 500 |
|
|
|a 300 výt.
|
| 504 |
|
|
|a Obsahuje bibliografie a bibliografické odkazy
|
| 650 |
0 |
7 |
|a multimediální informační systémy
|7 ph115377
|2 czenas
|
| 650 |
0 |
7 |
|a multimediální výukové programy
|7 ph115378
|2 czenas
|
| 650 |
0 |
7 |
|a vysokoškolští studenti
|7 ph127281
|2 czenas
|
| 650 |
0 |
7 |
|a vysokoškolské studium
|7 ph127279
|2 czenas
|
| 650 |
0 |
9 |
|a multimedia information systems
|2 eczenas
|
| 650 |
0 |
9 |
|a multimedia education programs
|2 eczenas
|
| 650 |
0 |
9 |
|a college students
|2 eczenas
|
| 650 |
0 |
9 |
|a college study
|2 eczenas
|
| 655 |
|
7 |
|a studie
|7 fd133597
|2 czenas
|
| 655 |
|
7 |
|a sborníky
|7 fd163935
|2 czenas
|
| 655 |
|
9 |
|a studies
|2 eczenas
|
| 655 |
|
9 |
|a papers
|2 eczenas
|
| 910 |
2 |
|
|a BOA001
|b 2-1337.335
|
| 928 |
9 |
|
|a Česká technika - nakladatelství ČVUT
|
| 990 |
|
|
|a BK
|
| 995 |
|
|
|a 01
|
| 991 |
|
|
|b 201412
|c NOV
|e n
|
| 996 |
6 |
|
|b 2610613208
|c 2-1337.335
|l MZK
|r Sklad / do 1 hodiny
|n 0
|p p.v.
|w 001472905
|u 000010
|a 1
|e BOA001
|j MZK50
|s P
|
| 996 |
7 |
|
|b 2610641838
|c 2-1337.335
|l MZK
|r Sklad / do 1 hodiny
|n 0
|p dar
|w 001472905
|u 000020
|a 1
|e BOA001
|j MZK50
|s A
|